[Event "IIFL Wealth 4th Mumbai GM"]
[Site "Mumbai"]
[Date "2019.01.06"]
[Round "8"]
[White "Wagh Suyog"]
[Black "Rebut, Paul"]
[Result "1-0"]
[WhiteElo "2240"]
[BlackElo "1740"]
[Annotator "NA"]
[PlyCount "49"]
[EventDate "2018.12.30"]
[EventType "swiss"]
[EventCountry "IND"]
[SourceTitle "playchess.com"]
[Source "ChessBase"]
[SourceQuality "1"]
[TimeControl "40/5400+30:1800+30"]

1. Nf3 {[%emt 0:00:00]} Nf6 {[%emt 0:00:00]} 2. g3 {[%emt 0:00:00]} g6 {[%emt 0:00:09]} 3. d4 {[%emt 0:01:09]} d5 {[%emt 0:00:53]} 4. c4 {[%emt 0:00:09]} c6 {[%emt 0:02:07]} 5. b3 {[%emt 0:01:49]} Bg7 {[%emt 0:01:43]} 6. Bb2 {[%emt 0:00:06]} O-O {[%emt 0:01:41]} 7. Bg2 {[%emt 0:00:23]} Nbd7 {[%emt 0:06:54]} 8. O-O {[%emt 0:01:06]} Ne4 {[%emt 0:01:36]} 9. Nc3 {[%emt 0:02:30]} Nxc3 {[%emt 0:00:21]} 10. Bxc3 {[%emt 0:00:06]} Nf6 {[%emt 0:00:14]} 11. e3 {[%emt 0:00:07]} Ne4 {[%emt 0:09:38]} 12. Bb2 {[%emt 0:00:05]} Be6 {[%emt 0:06:47]} 13. Rc1 {[%emt 0:03:29]} Qd7 {[%emt 0:01:50]} 14. Ne5 {[%emt 0:01:35]} Bxe5 {[%emt 0:00:31]} 15. dxe5 {[%emt 0:00:01]} Bh3 {[%emt 0:04:54]} 16. Qd4 {[%emt 0:03:28]} Bxg2 {[%emt 0:02:51]} 17. e6 {[%emt 0:00:23]} Nf6 {[%emt 0:00:53]} 18. exd7 {[%emt 0:00:07]} Bxf1 {[%emt 0:00:07]} 19. Rxf1 {[%emt 0:00:04]} Rfd8 {[%emt 0:00:32]} 20. g4 {[%emt 0:00:04]} Rxd7 {[%emt 0:02:09]} 21. g5 {[%emt 0:00:04]} dxc4 {[%emt 0:00:12]} 22. Qc3 {[%emt 0:00:18]} Rd3 {[%emt 0:00:44]} 23. Qxc4 {[%emt 0:00:05]} Rd2 {[%emt 0:00:08]} 24. Qc3 {[%emt 0:00:12]} Rxb2 {[%emt 0:00:04]} 25. Qxb2 {[%emt 0:00:02]} 1-0

[Event "IIFL Wealth 4th Mumbai GM"]
[Site "Mumbai"]
[Date "2019.01.06"]
[Round "8"]
[White "Prraneeth Vuppala"]
[Black "Thipsay, Bagyashree Sathe"]
[Result "1-0"]
[WhiteElo "2228"]
[BlackElo "2028"]
[Annotator "NA"]
[PlyCount "51"]
[EventDate "2018.12.30"]
[EventType "swiss"]
[EventCountry "IND"]
[SourceTitle "playchess.com"]
[Source "ChessBase"]
[SourceQuality "1"]
[TimeControl "40/5400+30:1800+30"]

1. d4 {[%emt 0:00:00]} e6 {[%emt 0:00:00]} 2. c4 {[%emt 0:00:00]} f5 {[%emt 0:00:00]} 3. Nf3 {[%emt 0:00:11]} Nf6 {[%emt 0:00:08]} 4. g3 {[%emt 0:00:10]} d5 {[%emt 0:00:35]} 5. Bg2 {[%emt 0:00:16]} c6 {[%emt 0:00:07]} 6. O-O {[%emt 0:01:36]} Bd6 {[%emt 0:00:20]} 7. Nc3 {[%emt 0:00:31]} O-O {[%emt 0:01:39]} 8. Qc2 {[%emt 0:00:12]} Ne4 {[%emt 0:00:31]} 9. Rb1 {[%emt 0:00:33]} Nd7 {[%emt 0:00:23]} 10. b4 {[%emt 0:02:55]} b5 {[%emt 0:00:14]} 11. cxb5 {[%emt 0:02:19]} Nxc3 {[%emt 0:00:08]} 12. Qxc3 {[%emt 0:00:03]} cxb5 {[%emt 0:00:06]} 13. Bg5 {[%emt 0:29:10]} Qb6 {[%emt 0:01:26]} 14. Ne5 {[%emt 0:02:16]} Nxe5 {[%emt 0:13:40]} 15. dxe5 {[%emt 0:00:39]} Qc7 {[%emt 0:00:09]} 16. Qd3 {[%emt 0:07:25]} Bxe5 {[%emt 0:00:18]} 17. Bxd5 {[%emt 0:00:14]} Rb8 {[%emt 0:05:38]} 18. Bf3 {[%emt 0:15:22]} h6 {[%emt 0:18:26]} 19. Rbc1 {[%emt 0:01:21]} Qf7 {[%emt 0:02:02]} 20. Be3 {[%emt 0:04:27]} Bf6 {[%emt 0:08:13]} 21. Qd6 {[%emt 0:06:02]} Bd7 {[%emt 0:02:48]} 22. Rc7 {[%emt 0:00:09]} Rbd8 {[%emt 0:00:09]} 23. Rd1 {[%emt 0:00:34]} Be7 {[%emt 0:01:32]} 24. Qxd7 {[%emt 0:02:27]} Rxd7 {[%emt 0:00:07]} 25. Rdxd7 {[%emt 0:00:03]} Re8 {[%emt 0:03:27]} 26. Bc5 {[%emt 0:00:03]} 1-0

[Event "IIFL Wealth 4th Mumbai GM"]
[Site "Mumbai"]
[Date "2019.01.06"]
[Round "8"]
[White "Mahalakshmi, M."]
[Black "Akash G"]
[Result "*"]
[WhiteElo "2219"]
[BlackElo "2443"]
[Annotator "TA"]
[PlyCount "52"]
[EventDate "2018.12.30"]
[EventType "swiss"]
[EventCountry "IND"]
[SourceTitle "playchess.com"]
[Source "ChessBase"]
[SourceQuality "1"]

{[%evp 12,52,41,8,32,25,26,28,83,14,36,36,36,33,31,31,45,37,44,33,42,43,43,35,53,47,67,62,69,29,54,29,32,32,34,26,1212,1200,1917,31,35,23,36]} 1. d4 g6 2. Nf3 Bg7 3. c3 d6 4. e4 Nf6 5. Bd3 O-O 6. O-O c5 7. d5 {LiveBook: 6 Games} Na6 {[%cal Bb8a6,Ba6c7,Bc7e6,Be6d4][%mdl 32] B06: Modern Defence} (7... Bg4 8. Nbd2 Nbd7 9. h3 Ne5 10. Be2 Nxf3+ 11. Nxf3 Bd7 12. e5 dxe5 13. Nxe5 Bf5 14. Bf3 Be4 15. Ng4 Bxf3 16. Nxf6+ Bxf6 17. Qxf3 {1-0 (37) Sokolov,I (2650)-Kasimdzhanov,R (2700) Dubai 2014}) 8. Re1 Nc7 $146 ({Predecessor:} 8... e6 9. dxe6 Bxe6 10. Na3 Nc7 11. Bg5 h6 12. Bh4 g5 13. Bg3 Nh5 14. e5 Nxg3 15. hxg3 {½-½ (39) Laxman,R (2438)-Debashis,D (2522) New Delhi 2018}) 9. c4 e5 (9... Re8 $11 {remains equal.}) 10. dxe6 (10. Nc3 $16) 10... Bxe6 11. Nc3 Bg4 12. h3 Bxf3 $1 13. Qxf3 Ne6 14. Be3 Nd7 15. Rac1 Ne5 16. Qd1 Nc6 17. Qd2 Ned4 18. Nd5 Kh8 19. Rcd1 Qd7 20. Bf4 Ne7 21. Bg5 Nxd5 22. exd5 {Threatens to win with Re7.} Rfe8 23. Re3 Re7 $2 {[%mdl 8192] [#]} (23... b5 $11) 24. Rxe7 $18 Rd8 25. Re8+ $2 (25. Rxd7 $18 Rxd7 26. Qe3) 25... Rxe8 $14 26. Re1 Kg8 {Accuracy: White = 58%, Black = 32%.} *

[Event "IIFL Wealth 4th Mumbai GM"]
[Site "Mumbai"]
[Date "2019.01.06"]
[Round "8"]
[White "Kurbonboeva, Sarvinoz"]
[Black "Saksham Rautela"]
[Result "1/2-1/2"]
[WhiteElo "2214"]
[BlackElo "2123"]
[Annotator "NA"]
[PlyCount "70"]
[EventDate "2018.12.30"]
[EventType "swiss"]
[EventCountry "IND"]
[SourceTitle "playchess.com"]
[Source "ChessBase"]
[SourceQuality "1"]
[TimeControl "40/5400+30:1800+30"]

1. d4 Nf6 2. Nf3 e6 3. c4 c5 4. d5 exd5 5. cxd5 d6 6. Nc3 g6 7. g3 Bg7 8. Bg2 O-O 9. O-O Re8 10. Nd2 Nbd7 11. h3 a6 12. a4 Rb8 13. Nc4 Nb6 14. Na3 Na8 15. Nc4 Nb6 16. Na3 Na8 17. Re1 Nc7 18. a5 Bd7 19. e4 Nb5 20. Nc4 Nxc3 21. bxc3 Bb5 22. Nxd6 Qxd6 23. Bf4 Qd8 24. Bxb8 Qxb8 25. f4 Nh5 26. Qf3 f6 27. Bf1 c4 28. Kh2 Bf8 29. Re2 Bd6 30. Rae1 Qc7 31. Bg2 Re7 32. Rf1 Re8 33. Rfe1 Ng7 34. h4 h6 35. Bh3 Re7 1/2-1/2

[Event "IIFL Wealth 4th Mumbai GM"]
[Site "Mumbai"]
[Date "2019.01.06"]
[Round "8"]
[White "Mrudul Dehankar"]
[Black "Raghunandan, Kaumandur Srihari"]
[Result "0-1"]
[WhiteElo "2199"]
[BlackElo "2378"]
[Annotator "NA"]
[PlyCount "124"]
[EventDate "2018.12.30"]
[EventType "swiss"]
[EventCountry "IND"]
[SourceTitle "playchess.com"]
[Source "ChessBase"]
[SourceQuality "1"]
[TimeControl "40/5400+30:1800+30"]

1. d4 {[%emt 0:00:00]} Nf6 {[%emt 0:00:00]} 2. c4 {[%emt 0:00:42]} g6 {[%emt 0:00:00]} 3. Nc3 {[%emt 0:00:09]} Bg7 {[%emt 0:00:00]} 4. e4 {[%emt 0:00:28]} O-O {[%emt 0:00:06]} 5. Nf3 {[%emt 0:00:22]} d6 {[%emt 0:00:07]} 6. Be2 {[%emt 0:00:09]} Nbd7 {[%emt 0:00:14]} 7. O-O {[%emt 0:02:44]} e5 {[%emt 0:00:09]} 8. Be3 {[%emt 0:02:32]} c6 {[%emt 0:00:08]} 9. h3 {[%emt 0:02:48]} Qe7 {[%emt 0:01:28]} 10. d5 {[%emt 0:06:00] E94: King's Indian: Classical: 6 Be2 e5 7 0-0: Various Black 7th moves} c5 {[%emt 0:00:13]} 11. Qd2 {[%emt 0:07:54]} Ne8 {[%emt 0:01:25]} 12. Ne1 {[%emt 0:13:36]} Kh8 $146 {[%emt 0:13:16]} ({Predecessor:} 12... f5 13. exf5 gxf5 14. f4 e4 15. Nc2 Kh8 16. a3 Rg8 17. b4 Qh4 18. Rab1 Qxh3 19. Nxe4 Be5 20. Rf2 Bf6 21. Ng5 Qh4 22. g3 {1-0 (22) Steenlandt,A (1788)-Horie,T (1890) ICCF email 2013}) 13. Nc2 {[%emt 0:04:59]} b6 {[%emt 0:05:34]} 14. Kh1 {[%emt 0:05:16]} f5 {[%emt 0:04:47]} 15. exf5 {[%emt 0:10:40]} gxf5 {[%emt 0:00:29]} 16. f4 {[%emt 0:00:47]} Ndf6 {[%emt 0:04:23]} 17. Qe1 {[%emt 0:04:44]} Bd7 {[%emt 0:07:41]} 18. Rd1 {[%emt 0:05:18]} Rg8 {[%emt 0:02:47]} 19. Qf2 {[%emt 0:03:47]} Qf7 {[%emt 0:02:02]} 20. Qh4 {[%emt 0:03:25]} Qg6 {[%emt 0:07:10]} 21. Rg1 {[%emt 0:04:20]} Bf8 {[%emt 0:01:51]} 22. Bf3 {[%emt 0:07:39]} Rb8 {[%emt 0:13:08]} 23. Rd2 {[%emt 0:05:03]} Be7 {[%emt 0:02:24]} 24. Qe1 {[%emt 0:02:03]} Ng4 {[%emt 0:08:51]} 25. g3 {[%emt 0:03:57]} Nxe3 {[%emt 0:01:25]} 26. Nxe3 {[%emt 0:01:33]} Qh6 {[%emt 0:02:30]} 27. Rh2 {[%emt 0:01:21]} exf4 {[%emt 0:01:42]} 28. gxf4 {[%emt 0:00:35]} Rxg1+ {[%emt 0:00:24]} 29. Kxg1 {[%emt 0:01:01]} Bh4 {[%emt 0:01:44]} 30. Qe2 {[%emt 0:00:17]} Qxf4 {[%emt 0:01:48]} 31. Rg2 {[%emt 0:00:34]} Nf6 {[%emt 0:00:26]} 32. Nc2 {[%emt 0:00:37]} Qc1+ {[%emt 0:03:50]} 33. Kh2 {[%emt 0:00:32]} Re8 {[%emt 0:00:33]} 34. Qd3 {[%emt 0:00:30]} Qf4+ {[%emt 0:02:35]} 35. Kg1 {[%emt 0:00:29]} Qc1+ {[%emt 0:09:01]} 36. Kh2 {[%emt 0:00:33]} a6 {[%emt 0:00:15]} 37. b3 {[%emt 0:00:31]} Qf4+ {[%emt 0:00:49]} 38. Kg1 {[%emt 0:00:07]} Qh6 {[%emt 0:01:11]} 39. Ne2 {[%emt 0:00:50]} f4 {[%emt 0:01:17]} 40. Bg4 {[%emt 0:00:00]} Nxg4 {[%emt 0:00:00]} 41. hxg4 {[%emt 0:00:42]} Bf6 {[%emt 0:06:45]} 42. Qf3 {[%emt 0:05:35]} Bg5 {[%emt 0:01:25]} 43. Nc1 {[%emt 0:04:05]} Qg6 {[%emt 0:08:05]} 44. Nd3 {[%emt 0:02:14]} Qf6 {[%emt 0:03:44]} 45. Rf2 {[%emt 0:06:52]} Bh4 {[%emt 0:02:02]} 46. Rg2 {[%emt 0:00:33]} Rf8 {[%emt 0:03:07]} 47. Nf2 {[%emt 0:02:49]} b5 {[%emt 0:02:03]} 48. Ne4 {[%emt 0:03:55]} Qe5 {[%emt 0:00:25]} 49. Kh1 {[%emt 0:00:54]} Rg8 {[%emt 0:03:22]} 50. a3 {[%emt 0:01:02]} bxc4 {[%emt 0:01:45]} 51. bxc4 {[%emt 0:00:05]} Rxg4 {[%emt 0:02:56]} 52. Rxg4 {[%emt 0:00:32]} Bxg4 {[%emt 0:00:08]} 53. Qxg4 {[%emt 0:00:06]} Qxe4+ {[%emt 0:00:04]} 54. Kg1 {[%emt 0:00:07]} Qg6 {[%emt 0:01:25]} 55. Qxg6 {[%emt 0:00:09]} hxg6 {[%emt 0:00:04]} 56. Kg2 {[%emt 0:00:04]} Kg7 {[%emt 0:00:36]} 57. Kf3 {[%emt 0:00:03]} g5 $19 {[%emt 0:00:26]} 58. Kg4 {[%emt 0:00:53]} Kf6 {[%emt 0:00:07]} 59. Na1 {[%emt 0:00:05]} Ke5 {[%emt 0:00:13]} 60. Nb3 {[%emt 0:00:04]} Ke4 {[%emt 0:00:38]} 61. Nd2+ {[%emt 0:00:11]} Kd3 {[%emt 0:00:15]} 62. Nf3 {[%emt 0:00:08]} Kxc4 {[%emt 0:00:06]} 0-1

[Event "IIFL Wealth 4th Mumbai GM"]
[Site "Mumbai"]
[Date "2019.01.06"]
[Round "8"]
[White "Divya Deshmukh"]
[Black "Kulkarni, Vikramaditya"]
[Result "0-1"]
[WhiteElo "2190"]
[BlackElo "2345"]
[Annotator "NA"]
[PlyCount "76"]
[EventDate "2018.12.30"]
[EventType "swiss"]
[EventCountry "IND"]
[SourceTitle "playchess.com"]
[Source "ChessBase"]
[SourceQuality "1"]
[TimeControl "40/5400+30:1800+30"]

1. e4 e6 {[%emt 0:07:12]} 2. Nf3 {[%emt 0:00:00]} d5 {[%emt 0:00:25]} 3. Nc3 {[%emt 0:00:00]} Nf6 {[%emt 0:00:15]} 4. e5 {[%emt 0:00:00]} Nfd7 {[%emt 0:00:15]} 5. d4 {[%emt 0:00:00]} b6 {[%emt 0:01:04]} 6. Bf4 {[%emt 0:02:09]} Be7 {[%emt 0:03:24]} 7. h4 {[%emt 0:06:41]} c6 {[%emt 0:01:52]} 8. h5 {[%emt 0:00:51]} h6 {[%emt 0:01:59]} 9. Qd2 {[%emt 0:01:24]} a5 {[%emt 0:01:45]} 10. g4 {[%emt 0:02:53]} b5 {[%emt 0:01:30]} 11. a4 {[%emt 0:01:27]} b4 {[%emt 0:02:24]} 12. Ne2 {[%emt 0:00:39]} c5 {[%emt 0:01:06]} 13. dxc5 {[%emt 0:00:45]} Nxc5 {[%emt 0:00:33]} 14. Ng3 {[%emt 0:02:24]} b3 {[%emt 0:02:40]} 15. Nd4 {[%emt 0:03:01]} bxc2 {[%emt 0:01:11]} 16. Bb5+ {[%emt 0:01:02]} Bd7 {[%emt 0:00:39]} 17. Qxc2 {[%emt 0:00:43]} Nba6 {[%emt 0:01:04]} 18. Bd2 {[%emt 0:03:43]} Rc8 {[%emt 0:09:22]} 19. O-O {[%emt 0:09:20]} O-O {[%emt 0:01:07]} 20. Qd1 {[%emt 0:07:14]} Nb4 {[%emt 0:01:39]} 21. Qe2 {[%emt 0:04:08]} f6 {[%emt 0:12:43]} 22. f4 {[%emt 0:12:48]} fxe5 {[%emt 0:10:35]} 23. fxe5 {[%emt 0:01:19]} Qb6 {[%emt 0:08:31]} 24. Be3 {[%emt 0:09:11]} Qc7 {[%emt 0:03:31]} 25. Bxd7 {[%emt 0:03:40]} Qxd7 {[%emt 0:02:11]} 26. g5 {[%emt 0:01:19]} hxg5 {[%emt 0:04:13]} 27. Qg4 {[%emt 0:02:49]} Ncd3 {[%emt 0:01:31]} 28. Qxe6+ {[%emt 0:00:50]} Qxe6 {[%emt 0:00:07]} 29. Nxe6 {[%emt 0:00:04]} Nc2 {[%emt 0:05:07]} 30. Nxf8 {[%emt 0:12:17]} Nxe3 {[%emt 0:00:08]} 31. Ng6 {[%emt 0:03:28]} Bc5 {[%emt 0:00:10]} 32. Kh1 {[%emt 0:01:54]} Nxf1 {[%emt 0:00:19]} 33. Rxf1 {[%emt 0:00:02]} Re8 {[%emt 0:02:17]} 34. b3 {[%emt 0:03:23]} Nxe5 {[%emt 0:04:50]} 35. Re1 {[%emt 0:02:31]} Bf2 {[%emt 0:00:08]} 36. Rxe5 {[%emt 0:00:05]} Re7 37. Re6 Rxe6 {[%emt 0:00:33]} 38. Ne5 {[%emt 0:00:32]} Rxe5 {[%emt 0:00:06]} 0-1

[Event "IIFL Wealth 4th Mumbai GM"]
[Site "Mumbai"]
[Date "2019.01.06"]
[Round "8"]
[White "Safranska, Anda"]
[Black "Thapa, Krishna"]
[Result "1-0"]
[WhiteElo "2189"]
[BlackElo "2024"]
[Annotator "NA"]
[PlyCount "87"]
[EventDate "2018.12.30"]
[EventType "swiss"]
[EventCountry "IND"]
[SourceTitle "playchess.com"]
[Source "ChessBase"]
[SourceQuality "1"]
[TimeControl "40/5400+30:1800+30"]

1. g3 {[%emt 0:00:00]} g6 {[%emt 0:07:18]} 2. Bg2 {[%emt 0:00:07]} Bg7 {[%emt 0:00:07]} 3. e4 {[%emt 0:00:20]} c5 {[%emt 0:00:09]} 4. f4 {[%emt 0:00:19]} Nc6 {[%emt 0:00:05]} 5. d3 {[%emt 0:00:16]} d6 {[%emt 0:01:08]} 6. Nf3 {[%emt 0:00:10]} Bg4 {[%emt 0:00:54]} 7. h3 {[%emt 0:00:12]} Bxf3 {[%emt 0:00:22]} 8. Qxf3 {[%emt 0:01:15]} e6 {[%emt 0:00:32]} 9. O-O {[%emt 0:00:11]} Nge7 {[%emt 0:00:23]} 10. c3 {[%emt 0:00:21]} O-O {[%emt 0:00:21]} 11. Na3 {[%emt 0:02:26]} d5 {[%emt 0:01:10]} 12. e5 {[%emt 0:03:12]} Qb6 {[%emt 0:01:14]} 13. Nc2 {[%emt 0:03:42]} Nf5 {[%emt 0:02:05]} 14. Qf2 {[%emt 0:02:45]} Nfe7 {[%emt 0:01:47]} 15. Qe2 {[%emt 0:13:51]} Nf5 {[%emt 0:05:22]} 16. Kh2 {[%emt 0:03:01]} h5 {[%emt 0:00:13]} 17. Ne3 {[%emt 0:02:54]} Nce7 {[%emt 0:01:08]} 18. Nxf5 {[%emt 0:00:35]} Nxf5 {[%emt 0:00:11]} 19. g4 {[%emt 0:09:38]} hxg4 {[%emt 0:02:09]} 20. hxg4 {[%emt 0:00:20]} Nh6 {[%emt 0:00:19]} 21. Bf3 {[%emt 0:03:51]} Kh7 {[%emt 0:04:51]} 22. Kg2 {[%emt 0:02:18]} Rh8 {[%emt 0:00:44]} 23. Rh1 {[%emt 0:01:18]} Kg8 {[%emt 0:00:11]} 24. Be3 {[%emt 0:01:58]} Qc7 {[%emt 0:01:54]} 25. d4 {[%emt 0:00:19]} b6 {[%emt 0:01:53]} 26. Rh3 {[%emt 0:00:36]} Kf8 {[%emt 0:00:15]} 27. Rah1 {[%emt 0:00:12]} Ke7 {[%emt 0:00:17]} 28. f5 {[%emt 0:00:19]} gxf5 {[%emt 0:04:10]} 29. Bxh6 {[%emt 0:00:34]} Bxh6 {[%emt 0:00:25]} 30. Rxh6 {[%emt 0:00:05]} Rxh6 {[%emt 0:00:30]} 31. Rxh6 {[%emt 0:00:05]} fxg4 {[%emt 0:00:34]} 32. Bxg4 {[%emt 0:00:05]} Rg8 {[%emt 0:00:59]} 33. Kh3 {[%emt 0:02:18]} cxd4 {[%emt 0:00:48]} 34. cxd4 {[%emt 0:00:12]} Qc1 {[%emt 0:00:10]} 35. Rh4 {[%emt 0:10:00]} Qh1+ {[%emt 0:15:19]} 36. Qh2 {[%emt 0:00:06]} Qf1+ {[%emt 0:01:36]} 37. Qg2 {[%emt 0:00:05]} Qd3+ {[%emt 0:00:18]} 38. Qf3 {[%emt 0:00:05]} Qb1 39. Rh6 {[%emt 0:18:40]} Rf8 {[%emt 0:22:54]} 40. Bh5 {[%emt 0:00:00]} Kd7 {[%emt 0:00:00]} 41. Rf6 {[%emt 0:09:38]} Kc6 {[%emt 0:09:06]} 42. Rxf7 {[%emt 0:08:56]} Rh8 {[%emt 0:02:30]} 43. Qc3+ {[%emt 0:01:23]} Kb5 {[%emt 0:00:24]} 44. Qb3+ {[%emt 0:00:05]} 1-0

[Event "IIFL Wealth 4th Mumbai GM"]
[Site "Mumbai"]
[Date "2019.01.06"]
[Round "8"]
[White "Subhayan Kundu"]
[Black "Srijit Paul"]
[Result "0-1"]
[WhiteElo "2185"]
[BlackElo "2298"]
[Annotator "NA"]
[PlyCount "32"]
[EventDate "2018.12.30"]
[EventType "swiss"]
[EventCountry "IND"]
[SourceTitle "playchess.com"]
[Source "ChessBase"]
[SourceQuality "1"]
[TimeControl "40/5400+30:1800+30"]

1. e4 {[%emt 0:00:00]} c5 {[%emt 0:00:00]} 2. Nf3 {[%emt 0:00:00]} Nc6 {[%emt 0:01:48]} 3. d4 {[%emt 0:00:00]} cxd4 {[%emt 0:00:06]} 4. Nxd4 {[%emt 0:00:00]} e5 {[%emt 0:06:55]} 5. Nb5 {[%emt 0:00:14]} d6 {[%emt 0:00:05]} 6. a4 {[%emt 0:00:35]} Be6 {[%emt 0:01:19]} 7. N1c3 {[%emt 0:02:19]} a6 {[%emt 0:00:05]} 8. Na3 {[%emt 0:00:06]} Rc8 {[%emt 0:00:04]} 9. Be3 {[%emt 0:05:20]} Nf6 {[%emt 0:00:13]} 10. Nc4 {[%emt 0:11:33]} Nd4 {[%emt 0:05:01]} 11. b3 {[%emt 0:22:09]} d5 {[%emt 0:24:36]} 12. exd5 {[%emt 0:13:23]} Bxd5 {[%emt 0:01:51]} 13. Bxd4 {[%emt 0:03:23]} exd4 {[%emt 0:00:13]} 14. Qxd4 {[%emt 0:00:01]} Bxc4 {[%emt 0:00:08]} 15. Qxd8+ {[%emt 0:00:51]} Rxd8 {[%emt 0:00:16]} 16. Bxc4 {[%emt 0:00:19]} Bb4 {[%emt 0:00:01]} 0-1

[Event "IIFL Wealth 4th Mumbai GM"]
[Site "Mumbai"]
[Date "2019.01.06"]
[Round "8"]
[White "Patil, Pratik"]
[Black "Sangma, Rahul"]
[Result "0-1"]
[WhiteElo "2178"]
[BlackElo "2289"]
[Annotator "NA"]
[PlyCount "100"]
[EventDate "2018.12.30"]
[EventType "swiss"]
[EventCountry "IND"]
[SourceTitle "playchess.com"]
[Source "ChessBase"]
[SourceQuality "1"]
[TimeControl "40/5400+30:1800+30"]

1. e4 {[%emt 0:00:00]} e5 {[%emt 0:00:00]} 2. Nf3 {[%emt 0:00:00]} Nc6 {[%emt 0:00:00]} 3. Bc4 {[%emt 0:00:01]} Nf6 {[%emt 0:00:22]} 4. d3 {[%emt 0:00:23]} Bc5 {[%emt 0:00:09]} 5. c3 {[%emt 0:00:09]} d6 {[%emt 0:02:47]} 6. Bb3 {[%emt 0:00:02]} Bb6 {[%emt 0:02:18]} 7. Nbd2 {[%emt 0:01:24]} Nh5 {[%emt 0:07:13]} 8. Nc4 {[%emt 0:18:54]} O-O {[%emt 0:05:04]} 9. Bg5 {[%emt 0:09:03]} Qe8 {[%emt 0:02:14]} 10. O-O {[%emt 0:05:32]} Kh8 {[%emt 0:03:17]} 11. Nfxe5 {[%emt 0:11:13]} Nxe5 {[%emt 0:03:58]} 12. Qxh5 {[%emt 0:00:36]} Nxd3 {[%emt 0:06:34]} 13. Bc2 {[%emt 0:26:38]} f6 {[%emt 0:13:09]} 14. Qxe8 {[%emt 0:06:00]} Rxe8 {[%emt 0:00:02]} 15. Bxf6 {[%emt 0:14:51]} Nc5 {[%emt 0:03:10]} 16. Bd4 {[%emt 0:01:21]} Nxe4 {[%emt 0:00:38]} 17. Nxb6 {[%emt 0:01:06]} axb6 {[%emt 0:00:03]} 18. Bxe4 {[%emt 0:01:06]} Rxe4 {[%emt 0:00:04]} 19. Rae1 {[%emt 0:00:05]} Bf5 {[%emt 0:00:40]} 20. f3 {[%emt 0:01:02]} Ree8 {[%emt 0:02:10]} 21. Rxe8+ {[%emt 0:00:27]} Rxe8 {[%emt 0:00:02]} 22. Kf2 {[%emt 0:00:15]} Be6 {[%emt 0:00:15]} 23. Re1 {[%emt 0:00:19]} Kg8 {[%emt 0:00:02]} 24. a3 {[%emt 0:00:29]} g6 {[%emt 0:00:46]} 25. h4 {[%emt 0:00:38]} Kf7 {[%emt 0:00:58]} 26. Re4 {[%emt 0:00:20]} Ra8 {[%emt 0:02:23]} 27. Rf4+ {[%emt 0:00:48]} Ke7 {[%emt 0:00:03]} 28. Re4 {[%emt 0:00:42]} Kd7 {[%emt 0:00:40]} 29. g4 {[%emt 0:00:33]} Rf8 {[%emt 0:02:16]} 30. Kg3 {[%emt 0:00:31]} Bd5 {[%emt 0:00:02]} 31. Re3 {[%emt 0:00:27]} Rf7 {[%emt 0:00:29]} 32. f4 {[%emt 0:00:33]} c5 {[%emt 0:02:11]} 33. Bh8 {[%emt 0:00:02]} h5 {[%emt 0:00:04]} 34. g5 {[%emt 0:00:52]} Be6 {[%emt 0:00:30]} 35. Bf6 {[%emt 0:00:05]} Bf5 {[%emt 0:00:28]} 36. Kf2 {[%emt 0:00:17]} b5 {[%emt 0:05:28]} 37. Re1 {[%emt 0:01:14]} Kc6 {[%emt 0:00:22]} 38. Re7 {[%emt 0:00:22]} Rf8 {[%emt 0:00:17]} 39. Ke3 {[%emt 0:00:36]} Ra8 {[%emt 0:00:07]} 40. Rf7 {[%emt 0:00:00]} Ra4 {[%emt 0:00:00]} 41. Re7 {[%emt 0:03:14]} b4 {[%emt 0:06:42]} 42. axb4 {[%emt 0:01:01]} cxb4 {[%emt 0:00:02]} 43. cxb4 {[%emt 0:06:17]} Rxb4 {[%emt 0:00:57]} 44. Bc3 {[%emt 0:00:02]} Ra4 {[%emt 0:00:37]} 45. Kf3 {[%emt 0:02:13]} Bg4+ {[%emt 0:03:31]} 46. Kg3 {[%emt 0:02:23]} d5 {[%emt 0:00:41]} 47. Be5 {[%emt 0:04:17]} d4 {[%emt 0:05:53]} 48. Rc7+ {[%emt 0:03:05]} Kb6 {[%emt 0:00:02]} 49. Kf2 {[%emt 0:00:22]} d3 {[%emt 0:03:00]} 50. Ke3 {[%emt 0:02:52]} Re4+ {[%emt 0:03:25]} 0-1

[Event "IIFL Wealth 4th Mumbai GM"]
[Site "Mumbai"]
[Date "2019.01.06"]
[Round "8"]
[White "Surendran N"]
[Black "Pranav, V."]
[Result "1-0"]
[WhiteElo "2176"]
[BlackElo "2318"]
[Annotator "NA"]
[PlyCount "97"]
[EventDate "2018.12.30"]
[EventType "swiss"]
[EventCountry "IND"]
[SourceTitle "playchess.com"]
[Source "ChessBase"]
[SourceQuality "1"]
[TimeControl "40/5400+30:1800+30"]

1. d4 {[%emt 0:00:00]} Nf6 {[%emt 0:06:37]} 2. Nf3 {[%emt 0:00:00]} b6 {[%emt 0:00:59]} 3. Bf4 {[%emt 0:00:40]} Bb7 {[%emt 0:00:25]} 4. e3 {[%emt 0:00:08]} g6 {[%emt 0:01:23]} 5. Be2 {[%emt 0:00:18]} Bg7 {[%emt 0:00:26]} 6. c4 {[%emt 0:00:46]} d6 {[%emt 0:00:57]} 7. Nc3 {[%emt 0:00:53]} Nh5 {[%emt 0:03:00]} 8. Bg5 {[%emt 0:02:50]} h6 {[%emt 0:00:50]} 9. Bh4 {[%emt 0:00:06]} g5 {[%emt 0:00:14]} 10. Bg3 {[%emt 0:05:50]} Nxg3 {[%emt 0:01:12]} 11. hxg3 {[%emt 0:00:11]} e6 {[%emt 0:01:48]} 12. Qc2 {[%emt 0:01:12]} Nd7 {[%emt 0:03:18]} 13. d5 {[%emt 0:07:25]} Qe7 {[%emt 0:04:07]} 14. Nb5 {[%emt 0:07:45]} Nc5 {[%emt 0:01:51]} 15. Nfd4 {[%emt 0:00:19]} a6 {[%emt 0:13:15]} 16. Nc3 {[%emt 0:01:28]} O-O-O {[%emt 0:00:35]} 17. b4 {[%emt 0:04:20]} Nd7 {[%emt 0:00:02]} 18. O-O {[%emt 0:01:19]} Bxd4 {[%emt 0:03:30]} 19. exd4 {[%emt 0:00:05]} e5 {[%emt 0:00:09]} 20. Rfe1 {[%emt 0:11:18]} h5 {[%emt 0:09:42]} 21. c5 {[%emt 0:02:28]} dxc5 {[%emt 0:03:13]} 22. bxc5 {[%emt 0:00:08]} bxc5 {[%emt 0:00:14]} 23. dxe5 {[%emt 0:00:44]} Rh6 {[%emt 0:03:50]} 24. Rab1 {[%emt 0:05:50]} Nb6 {[%emt 0:06:30]} 25. d6 {[%emt 0:03:43]} Qe8 {[%emt 0:03:17]} 26. Ne4 {[%emt 0:17:49]} Qxe5 {[%emt 0:03:43]} 27. Nxc5 {[%emt 0:00:06]} Qxd6 {[%emt 0:00:41]} 28. Nxb7 {[%emt 0:05:59]} Kxb7 {[%emt 0:00:17]} 29. Bf3+ {[%emt 0:00:53]} Kc8 {[%emt 0:01:28]} 30. Rbd1 {[%emt 0:03:03]} Qf8 {[%emt 0:05:50]} 31. Qf5+ {[%emt 0:13:51]} Re6 {[%emt 0:01:04]} 32. Rxe6 {[%emt 0:00:56]} fxe6 {[%emt 0:00:03]} 33. Qxe6+ {[%emt 0:00:07]} Kb8 {[%emt 0:00:02]} 34. Rb1 {[%emt 0:00:43]} Rd6 {[%emt 0:01:48]} 35. Qe4 {[%emt 0:00:28]} Kc8 {[%emt 0:00:02]} 36. Bxh5 {[%emt 0:01:33]} Rd2 {[%emt 0:00:12]} 37. Bf3 {[%emt 0:00:26]} Qf6 {[%emt 0:01:15]} 38. Rc1 {[%emt 0:00:50]} Kd8 {[%emt 0:02:10]} 39. Re1 {[%emt 0:00:58]} Qf8 {[%emt 0:02:30]} 40. Qe3 Rxa2 {[%emt 0:00:00]} 41. Rd1+ {[%emt 0:01:26]} Kc8 {[%emt 0:02:30]} 42. Qe6+ {[%emt 0:00:07]} Kb8 {[%emt 0:00:08]} 43. Qxa2 {[%emt 0:00:05]} g4 {[%emt 0:00:14]} 44. Bxg4 {[%emt 0:00:10]} Qg7 {[%emt 0:00:05]} 45. Bf3 {[%emt 0:00:19]} Qf6 {[%emt 0:00:10]} 46. Qxa6 {[%emt 0:00:08]} c6 {[%emt 0:00:10]} 47. Qxb6+ {[%emt 0:00:07]} Kc8 {[%emt 0:00:03]} 48. Bg4+ {[%emt 0:00:09]} Qe6 {[%emt 0:00:04]} 49. Rd8# {[%emt 0:00:05]} 1-0